| 000 | 00410nam a22001577a 4500 | ||
|---|---|---|---|
| 020 | _a9789380884981 | ||
| 082 |
_aM803 _bFRA/A |
||
| 100 |
_aFrancis Alapatt _954981 |
||
| 245 |
_aAattuvanchi/ _cby Francis Alapatt |
||
| 260 |
_aThrissur: _bGreen Books, _c2012. |
||
| 300 | _a103p. | ||
| 650 |
_aMemoirs Malayalam _954982 |
||
| 650 |
_aLiterature Malayalam _954983 |
||
| 650 |
_aLiterature _954984 |
||
| 942 | _cBK | ||
| 999 |
_c137892 _d137892 |
||